• 首页
  • 本馆介绍
  • 公告通知
  • 最新文献
  • 馆藏检索
  • 电子资源
  • 读者导购
  • 参考咨询
  • 我的图书馆
  • 登录
  • 详细信息显示
  • 放入我的书架
  • 预约/预借图书
  • 作者相关作品
  • 分类相关作品
  • 丛书相关作品
  • 出版社相关作品

书目信息

  • 表格格式
  • 工作单格式
  • 卡片格式
题名:
珊瑚木難
    
 
作者: 朱存理, 纂辑 ;王允亮 点校
分册: 下  
出版信息: 杭州   浙江人民美術出版社  2019.12
页数: 2册 (44, 711页)
开本: 21cm
丛书名: 藝術文獻集成
单 册:
中图分类: J292.2-3
科图分类:
主题词: 法书--fa shu--考证--中国--古代
电子资源:
ISBN: 978-7-5340-7480-6
000 00981nam 2200289 450
001 CAL 0120192865125
005 20230302140248.85
010    @a978-7-5340-7480-6@dCNY59.00
100    @a20191224d2019 em y0chiy0120 ea
101 0  @achi
102    @aCN@b330000
105    @ay z 000yy
106    @ar
200 1  @a珊瑚木難@Ashan hu mu nan@h下@f(明) 朱存理
210    @a杭州@c浙江人民美術出版社@d2019.12
215    @a2册 (44, 711页)@d21cm
225 2  @a藝術文獻集成@Ayi shu wen xian ji cheng
314    @a版权页题: 王允亮點校
330    @a本书是抄录书画题跋文字续集而成的著作, 开创了以题跋文字形式著录书画作品的先河, 在中国书画评论史上具有重要的意义。本书由 (明) 朱存理纂辑。
410  0 @12001 @a藝術文獻集成
518 1  @a珊瑚木难
606 0  @a法书@Afa shu@x考证@y中国@z古代
690    @aJ292.2-3@v5
701  0 @a朱存理,@Azhu cun li@f明代@4纂辑
702  0 @a王允亮@Awang yun liang@4点校
801  0 @aCN@bBJXHZP@c20230228
905    @b1399356-9@dJ292.2-3@e769:2@f4
    
    珊瑚木難.下/(明) 朱存理.-杭州:浙江人民美術出版社,2019.12
    2册 (44, 711页);21cm.-(藝術文獻集成)
    
    
    ISBN 978-7-5340-7480-6:CNY59.00
    本书是抄录书画题跋文字续集而成的著作, 开创了以题跋文字形式著录书画作品的先河, 在中国书画评论史上具有重要的意义。本书由 (明) 朱存理纂辑。
●
相关链接 在E读中查询图书 在五车中查询图书 在当当中查询图书 在豆瓣中查询图书


正题名:珊瑚木難     索取号:J292.2-3/769:2         预约/预借

序号 登录号 条形码 馆藏地/架位号 状态 备注
1 1399356   213993561   第一样本阅览室/ [索取号:J292.2-3/769:2] 在馆    
2 1399357   213993570   第一借阅区/ [索取号:J292.2-3/769:2] 在馆    
3 1399358   213993589   第一借阅区/ [索取号:J292.2-3/769:2] 在馆    
4 1399359   213993598   第一借阅区/ [索取号:J292.2-3/769:2] 在馆    
唐山师范学院图书馆 欢迎您!
大连网信软件有限公司© 版权所有